Cities by Counties within Their Metro - Statistics

General Stats
  • This quiz has been taken 16 times
    11 since last reset
  • The average score is 9 of 15
Answer Stats
Hint Answer % Correct
Orange, Ventura, San Bernardino Los Angeles
89%
Suffolk, Norfolk, Essex Boston
78%
_____-Dade, Broward, Palm Beach Miami
78%
Fulton, DeKalb, Cobb Atlanta
67%
Lake, Cuyahoga, Geauga Cleveland
67%
Harris, Galveston, Chambers Houston
67%
Kenosha, Waukesha, Ozaukee Milwaukee
67%
Jefferson, St. Bernard, St. Charles New Orleans
67%
Cook, DuPage, Lake Chicago
56%
Delaware, Bucks, Montgomery Philadelphia
56%
Alameda, San Mateo, Marin San Francisco
56%
King, Pierce, Kitsap Seattle
44%
Prince George, Fairfax, Prince Williams Washington, D.C.
44%
Douglas, Arapahoe, Jefferson Denver
33%
Clark, Multnomah, Washington Portland
33%
No matching quizzes found
Score Distribution
Percent of People with Each Score
Percentile by Number Answered
Your Score History
You have not taken this quiz since the last reset